00388nam a2200157Ia 45000010006000000050017000060080041000230410008000640820017000721000022000892450066001112600009001773000028001866500008002146540008002221120820260306161929.0260306t2006||||xx |||||||||||||| ||spa|| aESP a985.019bF77 aFossa, LydiaeAUT 0aNarrativas problematicas:bLos inkas bajo la pluma española c2006 a535 páginas :c23 cm. aGEN aCHU